| 000 | 00439nam a2200145Ia 4500 | ||
|---|---|---|---|
| 008 | 220531s9999 xx 000 0 und d | ||
| 041 | _amar | ||
| 100 |
_aसूर्यवंशी शुभांगी _935302 |
||
| 245 | _aक्लार्कग्रड परीक्षा | ||
| 260 |
_bDastane _c1995 |
||
| 542 | _d30-07-1997 | ||
| 650 |
_aCompetitive exam _935303 |
||
| 906 |
_d1997-1998 _f5230 |
||
| 999 |
_c21670 _d21670 |
||